00435nam a2200157Ia 4500008004100000020001700041040001900058041001200077082002500089100002200114245006000136260003100196300001800227650001400245850001800259131103s9999 xx 000 0 und d a0-590-4431-X aLoreto College aEnglish a920/JOHbLCBED/12368 aJohnston, Johanna aThey led the wayb 14 american women cJohanna Johnston aNew YorkbScholasticc1973 a126p c 21cm. aBiography aLCBED/920/JOH